Korelácia medzi priamymi zahraničnými investíciami a imigráciou v kontexte Slovenska

Vývojové tendencie a analógia medzi prílevom priamych zahraničných investícií a imigrantov v rozmedzí 2000-2019 a následne možná explikácia vývojových zmien oboch pozorovaných premenných.

Salvato in:
Dettagli Bibliografici
Autore principale: Kiner, Andrej, 1996-
Natura: Capitolo di libro
Lingua:slovacco
Soggetti:
Tags: Aggiungi Tag
Nessun Tag, puoi essere il primo ad aggiungerne!!

MARC

LEADER 00000naa$a2200000$$$4500
001 0271572
005 20240502074259.8
041 0 |a slo 
044 |a SK 
245 1 0 |a Korelácia medzi priamymi zahraničnými investíciami a imigráciou v kontexte Slovenska  |c Andrej Kiner 
520 |a Vývojové tendencie a analógia medzi prílevom priamych zahraničných investícií a imigrantov v rozmedzí 2000-2019 a následne možná explikácia vývojových zmien oboch pozorovaných premenných. 
610 2 0 |a investície priame zahraničné 
610 2 0 |a imigrácia 
610 2 0 |a korelácia 
610 2 0 |a Slovensko 
100 1 |a Kiner, Andrej, 1996-